| 000 | 00831nam a2200253 a 4500 | ||
|---|---|---|---|
| 001 | BRCA_5552 | ||
| 005 | 20190320205128.0 | ||
| 008 | 280312s19061910gw-#######---#000-0#ger-# | ||
| 041 | _ager | ||
| 044 | _agw | ||
| 050 | 4 |
_aN6952 _b.W87 1906 |
|
| 100 | 1 |
_aWurzbach, Alfred von _d1846-1915 _914169 |
|
| 245 | 1 | 0 |
_aNiederländisches Künstler Lexikon _bauf Grund Archivalischer Forschungen Bearbeitet _cvon Dr. Alfred von Wurzbach. |
| 260 |
_aViena ; Leipzig _bHalm und Goldmann _c1906-1910 |
||
| 300 |
_a2 v. _c27 cm. |
||
| 500 | _aCon más de 3000 monogramas | ||
| 500 | _aEstado físico: v.2 lomo deteriorado | ||
| 500 | _aG113 | ||
| 505 | 0 | _aContenido: v.1. A-K. -- v.2. L-Z | |
| 650 | 1 | 4 |
_aArtistas _vBiografías _zPaíses Bajos _914170 |
| 650 | 1 | 4 |
_aArtistas _vBiografías _zBélgica _914171 |
| 902 | _aGFM | ||
| 942 |
_2lcc _cB |
||
| 999 |
_c5246 _d5246 |
||